[Event "Championnat vétéran des B d RH 2019 (-22"]
[Site "AUBAGNE "]
[Date "2019.05.02"]
[Round "4.1"]
[White "Roger, Patrick"]
[Black "Colandrea, Sauveur"]
[Result "0-1"]
[WhiteElo "1699"]
[BlackElo "1646"]
[PlyCount "90"]
[EventDate "2019.??.??"]
[WhiteTeam "Echiquier Marseillais 1872"]
[BlackTeam "Puy Ste Réparade"]

1. e4 d6 2. d4 Nf6 3. Nc3 Nbd7 4. Bd3 e5 5. Nf3 Be7 6. O-O O-O 7. h3 c6 8. Be3
Qc7 9. d5 Re8 10. Nd2 Nf8 11. f4 exf4 12. Bxf4 Ng6 13. Bh2 Bf8 14. Nf3 a6 15.
Re1 Nd7 16. Kh1 Nde5 17. Bf1 Bd7 18. Re3 Rad8 19. Qe1 Be7 20. Rd1 Bc8 21. Rd2
Bf6 22. Rf2 Qe7 23. Nd4 Bg5 24. Ree2 Bh4 25. g3 Bf6 26. Nf5 Bxf5 27. exf5 Nf8
28. dxc6 bxc6 29. Bg2 Qc7 30. Ne4 Nfd7 31. g4 Bh4 32. Bg3 Bxg3 33. Nxg3 f6 34.
Nh5 Nf8 35. Nf4 Qf7 36. b3 d5 37. Qa5 Qb7 38. Qd2 Qc7 39. Nd3 Nfd7 40. Nf4 Nf8
41. Nd3 Kh8 42. Qf4 Qd6 43. Qb4 Nxd3 44. Qxd6 Nxf2+ 45. Rxf2 Rxd6 0-1

[Event "Championnat vétéran des B d RH 2019 (-22"]
[Site "AUBAGNE "]
[Date "2019.05.02"]
[Round "4.2"]
[White "Vinet, Christophe"]
[Black "Bedhouche, Sadek"]
[Result "0-1"]
[WhiteElo "1641"]
[BlackElo "1646"]
[PlyCount "90"]
[EventDate "2019.??.??"]
[WhiteTeam "Club d'Echecs de Meyreuil"]
[BlackTeam "Echiquier Marseillais 1872"]

1. e4 c6 2. d4 d5 3. Nc3 dxe4 4. Nxe4 Nf6 5. Nxf6+ gxf6 6. Bc4 Bf5 7. Ne2 e6 8.
Ng3 Bg6 9. h4 h5 10. Bf4 Bd6 11. Bxd6 Qxd6 12. Qd2 Nd7 13. O-O-O O-O-O 14. Rhe1
Nb6 15. Bf1 Qd5 16. b3 Qd6 17. Kb2 e5 18. Ne4 Qxd4+ 19. Qxd4 Rxd4 20. Rxd4 exd4
21. Nxf6 Nd7 22. Nxd7 Kxd7 23. g3 Rd8 24. Bh3+ Kc7 25. Re7+ Kb6 26. Rd7 Rxd7
27. Bxd7 c5 28. f4 Kc7 29. Bh3 Kd6 30. g4 hxg4 31. Bxg4 Ke7 32. Kc1 Kf6 33. Kd2
Kg7 34. Be2 Kh6 35. Bd3 Kh5 36. Bxg6+ fxg6 37. Kd3 Kxh4 38. Ke4 Kg4 39. a4 b6
40. a5 Kg3 41. a6 Kg4 42. Ke5 b5 43. Kd6 Kxf4 44. Kc7 Ke5 45. Kb7 Kd6 0-1

[Event "Championnat vétéran des B d RH 2019 (-22"]
[Site "AUBAGNE "]
[Date "2019.05.02"]
[Round "4.3"]
[White "Pietrac, Christian"]
[Black "Moncamp, Gilles"]
[Result "0-1"]
[WhiteElo "1237"]
[BlackElo "2121"]
[PlyCount "54"]
[EventDate "2019.??.??"]
[WhiteTeam "Club d'Echecs de Miramas"]
[BlackTeam "Echiquier Marseillais 1872"]

1. Nf3 d6 2. g3 e5 3. d3 g6 4. Bg2 Bg7 5. O-O Ne7 6. Nc3 Nbc6 7. e4 O-O 8. a3
f5 9. Nd2 f4 10. Nd5 g5 11. Nxe7+ Qxe7 12. c3 g4 13. Re1 Qf7 14. f3 Bh6 15. Nf1
Qh5 16. d4 Bd7 17. b4 exd4 18. cxd4 Bg7 19. Bxf4 Nxd4 20. Rc1 gxf3 21. Kh1 Bg4
22. Nd2 fxg2+ 23. Kg1 Bxd1 24. Rcxd1 Qh3 25. Re3 Rxf4 26. Ree1 Ne2+ 27. Rxe2
Bd4+ 0-1

[Event "Championnat vétéran des B d RH 2019 (-22"]
[Site "AUBAGNE "]
[Date "2019.05.02"]
[Round "4.4"]
[White "Kleitz, Michel"]
[Black "Cens, Alain"]
[Result "1-0"]
[WhiteElo "1753"]
[BlackElo "1483"]
[PlyCount "45"]
[EventDate "2019.??.??"]
[WhiteTeam "Issy-Les-Moulineaux"]
[BlackTeam "Echiquier Pierreverdant"]

1. d4 f5 2. e4 fxe4 3. Nc3 Nf6 4. Bg5 Nc6 5. d5 Ne5 6. Qd4 Nf7 7. Bxf6 exf6 8.
Nxe4 Be7 9. Nf3 O-O 10. Bd3 f5 11. Ng3 Bf6 12. Qb4 Re8+ 13. Ne2 a5 14. Qa3 Be7
15. Qa4 d6 16. Bb5 Rf8 17. O-O c6 18. dxc6 bxc6 19. Bxc6 Ba6 20. Bxa8 Qxa8 21.
Rfe1 Ne5 22. Nxe5 dxe5 23. Qxa5 1-0

[Event "Championnat vétéran des B d RH 2019 (-22"]
[Site "AUBAGNE "]
[Date "2019.05.02"]
[Round "4.5"]
[White "Graells, Christian"]
[Black "Battaglia, Gerard"]
[Result "0-1"]
[WhiteElo "1475"]
[BlackElo "1747"]
[PlyCount "66"]
[EventDate "2019.??.??"]
[WhiteTeam "Club d'Echecs de Meyreuil"]
[BlackTeam "Echiquier Marseillais 1872"]

1. e4 e5 2. Nf3 d6 3. d4 exd4 4. Nxd4 Nf6 5. Bd3 Be7 6. c3 O-O 7. O-O Nbd7 8.
Nd2 Ne5 9. Bc2 c5 10. Ne2 b5 11. b3 Bb7 12. Nf4 Qb6 13. c4 bxc4 14. bxc4 Qa6
15. Qe2 Rab8 16. Nd5 Nxd5 17. exd5 Bf6 18. Qe4 Ng6 19. Rb1 Rfe8 20. Qf5 Rbd8
21. a4 Bc8 22. Qd3 Bd7 23. Qa3 Nf4 24. Kh1 Rb8 25. Ne4 Rxb1 26. Bxb1 Qxc4 27.
Re1 Be5 28. Qe3 Nxd5 29. Qf3 Nf6 30. h3 Qxa4 31. Bg5 Nxe4 32. Rxe4 Qa6 33. Re3
Qf1# 0-1

[Event "Championnat vétéran des B d RH 2019 (-22"]
[Site "AUBAGNE "]
[Date "2019.05.02"]
[Round "4.6"]
[White "Pierrugues, Laurent"]
[Black "Ulloa, Philippe"]
[Result "1-0"]
[WhiteElo "1741"]
[BlackElo "1314"]
[PlyCount "75"]
[EventDate "2019.??.??"]
[WhiteTeam "Echiquier Marseillais 1872"]
[BlackTeam "Cercle d'Echecs Aubagnais"]

1. e4 e5 2. Nf3 d6 3. d4 exd4 4. Nxd4 c5 5. Nf3 Bg4 6. Be2 Nc6 7. O-O h6 8. Nc3
Nf6 9. Bf4 a6 10. e5 Nh5 11. Qd2 Nxf4 12. Qxf4 Bxf3 13. Bxf3 dxe5 14. Bxc6+
bxc6 15. Qxe5+ Qe7 16. Qf4 Qb7 17. Rfe1+ Be7 18. Qe5 f6 19. Qxc5 Ra7 20. Rad1
O-O 21. Qc4+ Kh8 22. b3 Bb4 23. Re6 c5 24. Ne2 Qf7 25. Qe4 Ba3 26. Nf4 f5 27.
Qe5 Kg8 28. Ng6 Rc8 29. Ne7+ Rxe7 30. Rxe7 Qf8 31. Rdd7 Qxe7 32. Qxe7 Bb2 33.
Rd8+ Rxd8 34. Qxd8+ Kh7 35. Qd6 Bd4 36. Qxa6 h5 37. Qc4 Kh6 38. a4 1-0

[Event "Championnat vétéran des B d RH 2019 (-22"]
[Site "AUBAGNE "]
[Date "2019.05.02"]
[Round "4.7"]
[White "Amoros, Jean"]
[Black "Montanelli, Tristan"]
[Result "0-1"]
[WhiteElo "1426"]
[BlackElo "1661"]
[PlyCount "91"]
[EventDate "2019.??.??"]
[WhiteTeam "Club d'Echecs de Meyreuil"]
[BlackTeam "Club d'Echecs de Meyreuil"]

1. e4 Nc6 2. d4 d5 3. e5 f6 4. Bd3 g6 5. Nf3 Bg4 6. exf6 Nxf6 7. h3 Bxf3 8.
gxf3 Bg7 9. c3 Qd6 10. Be3 e5 11. Nd2 exd4 12. cxd4 O-O 13. Qc2 Nb4 14. Qb3
Nxd3+ 15. Qxd3 c6 16. O-O-O Nh5 17. Rhg1 Nf4 18. Qf1 Ne6 19. Qd3 Rac8 20. Kb1
Nf4 21. Qf1 b6 22. Nb3 a5 23. Rg4 a4 24. Nc1 c5 25. Ne2 Nh5 26. f4 Nf6 27. Rg2
Nh5 28. Rg4 c4 29. Nc3 Qc6 30. Qg2 Rcd8 31. Rg5 Nxf4 32. Bxf4 Rxf4 33. Nxd5
Rxd5 34. Rxd5 Qf6 35. Rd2 h6 36. Re5 g5 37. Qf1 Qg6+ 38. Kc1 Bxe5 39. dxe5 b5
40. Re2 Qe8 41. Qd1 Rf7 42. Qe1 Rc7 43. Qd1 Qf7 44. Qe1 Re7 45. Qb4 Rb7 46. Qc5
0-1

[Event "Championnat vétéran des B d RH 2019 (-22"]
[Site "AUBAGNE "]
[Date "2019.05.02"]
[Round "4.8"]
[White "Rocchia, Alex"]
[Black "Deregnaucourt, Yves"]
[Result "1/2-1/2"]
[WhiteElo "1286"]
[BlackElo "1636"]
[PlyCount "82"]
[EventDate "2019.??.??"]
[WhiteTeam "Cercle d'Echecs Aubagnais"]
[BlackTeam "Cercle d'Echecs Aubagnais"]

1. e4 e5 2. Nc3 Nf6 3. f4 d5 4. fxe5 Nxe4 5. Nf3 Be7 6. Be2 O-O 7. O-O Nc6 8.
d3 Nc5 9. d4 Ne6 10. Be3 f6 11. Na4 fxe5 12. Nxe5 Rxf1+ 13. Bxf1 Nxe5 14. dxe5
d4 15. Bf2 a6 16. b3 b5 17. Nb2 Bb7 18. Nd3 c5 19. Qg4 Ng5 20. Re1 Bc8 21. Qd1
Bb7 22. Nf4 Qe8 23. h4 Ne4 24. g3 Nxf2 25. Kxf2 Qf8 26. Kg1 Bxh4 27. Qg4 Be7
28. Qe6+ Qf7 29. Qxf7+ Kxf7 30. e6+ Kf6 31. Bg2 Bxg2 32. Kxg2 Rd8 33. g4 g5 34.
Nh5+ Kg6 35. Re5 d3 36. cxd3 Rxd3 37. Rf5 Rd2+ 38. Kf3 Rd3+ 39. Ke4 Rd4+ 40.
Kf3 Rd1 41. Ke4 Rd4+ 1/2-1/2

[Event "Championnat vétéran des B d RH 2019 (-22"]
[Site "AUBAGNE "]
[Date "2019.05.02"]
[Round "4.9"]
[White "Gomez, Guy"]
[Black "Autouard, Jean-Luc"]
[Result "1/2-1/2"]
[WhiteElo "1575"]
[BlackElo "1225"]
[PlyCount "51"]
[EventDate "2019.??.??"]
[WhiteTeam "Cercle d'Echecs Aubagnais"]
[BlackTeam "Cercle d'Echecs Aubagnais"]

1. e4 e6 2. d4 Nf6 3. Bd3 d5 4. e5 Nfd7 5. Nf3 Nc6 6. c3 Be7 7. Nbd2 O-O 8. Nf1
f5 9. Ng3 f4 10. Nh5 Bg5 11. Nxg5 Qxg5 12. h4 Qxg2 13. Rf1 f3 14. Bg5 Qg4 15.
Ng3 h6 16. Bxh6 gxh6 17. Rg1 Rf4 18. Ne2 fxe2 19. Rxg4+ Rxg4 20. Bxe2 Rg1+ 21.
Bf1 b5 22. Qh5 Kg7 23. Qe8 b4 24. O-O-O bxc3 25. bxc3 Rb8 26. Bd3 1/2-1/2

[Event "Championnat vétéran des B d RH 2019 (-22"]
[Site "AUBAGNE "]
[Date "2019.05.02"]
[Round "4.10"]
[White "Corrias, Robert"]
[Black "Bartolini, Manuela"]
[Result "1-0"]
[WhiteElo "1532"]
[BlackElo "1021"]
[PlyCount "79"]
[EventDate "2019.??.??"]
[WhiteTeam "Club d'Echecs Pennois (CEP)"]
[BlackTeam "Cercle d'Echecs Aubagnais"]

1. e4 e6 2. Nf3 c6 3. Nc3 d5 4. d4 Nd7 5. Bf4 Be7 6. Bd3 h6 7. O-O c5 8. exd5
Ndf6 9. dxc5 exd5 10. Re1 Be6 11. Nb5 Kf8 12. b4 g5 13. Be5 a6 14. Nbd4 Bg4 15.
h3 Bh5 16. g4 Bg6 17. Bxg6 fxg6 18. Ne6+ Kf7 19. Nxd8+ Rxd8 20. Nd4 Rh7 21. Qe2
Ne4 22. f3 Nc3 23. Qe3 Nb5 24. c3 Ke8 25. a4 Na7 26. Ne6 Rd7 27. Bd4 Nc6 28.
Ng7+ Kf8 29. Qe6 Rc7 30. Qxg6 Nxd4 31. Ne6+ Nxe6 32. Qxh7 Bd8 33. Qf5+ Bf6 34.
Rxe6 Rf7 35. Qxd5 Bxc3 36. Qd6+ Ne7 37. Rd1 Rxf3 38. Qxe7+ Kg8 39. Rd8+ Rf8 40.
Rxf8# 1-0

[Event "Championnat vétéran des B d RH 2019 (-22"]
[Site "AUBAGNE "]
[Date "2019.05.02"]
[Round "4.11"]
[White "Roux, Jean-Marie"]
[Black "Derien, Robert"]
[Result "1-0"]
[WhiteElo "1237"]
[BlackElo "1564"]
[PlyCount "89"]
[EventDate "2019.??.??"]
[WhiteTeam "L'Echiquier du Roy René"]
[BlackTeam "Puy Ste Réparade"]

1. e4 d5 2. e5 d4 3. Nf3 c5 4. Bc4 Nc6 5. d3 e6 6. Bf4 g6 7. Nbd2 Bg7 8. Ne4
Qc7 9. Nd6+ Kf8 10. Qd2 h6 11. h4 Nge7 12. g4 Nd5 13. O-O-O Nxf4 14. Qxf4 Qe7
15. Kb1 Kg8 16. Rdg1 f6 17. exf6 Qxf6 18. Qg3 Ne5 19. Nd2 Nxc4 20. N2xc4 e5 21.
Qg2 Rb8 22. g5 Qe6 23. gxh6 Rxh6 24. h5 b5 25. Nxc8 Rxc8 26. Nd2 Rc6 27. Ne4 c4
28. Ng5 Qe8 29. Qd5+ Kf8 30. Qxb5 cxd3 31. Qxd3 Rf6 32. Ne4 Rc6 33. hxg6 Rxh1
34. Rxh1 Qxg6 35. f3 Qg2 36. Re1 Rh6 37. a3 Rh2 38. Nc5 Rh6 39. Qf5+ Kg8 40.
Ne6 Rf6 41. Qxe5 Rxf3 42. Nxg7 Qxg7 43. Qd5+ Rf7 44. Re8+ Kh7 45. Qh5+ 1-0

[Event "Championnat vétéran des B d RH 2019 (-22"]
[Site "AUBAGNE "]
[Date "2019.05.02"]
[Round "4.12"]
[White "Periale, Albert"]
[Black "Perdiolat, Francis"]
[Result "1-0"]
[WhiteElo "1258"]
[BlackElo "1479"]
[PlyCount "89"]
[EventDate "2019.??.??"]
[WhiteTeam "Cercle d'Echecs Aubagnais"]
[BlackTeam "Puy Ste Réparade"]

1. d4 Nf6 2. c4 g6 3. Nc3 Bg7 4. e4 d6 5. Nf3 O-O 6. Be2 Nbd7 7. O-O e5 8. d5
Ne8 9. Re1 h6 10. Be3 f5 11. exf5 gxf5 12. Qc2 f4 13. Bd2 Ndf6 14. h3 Nh7 15.
Bd3 Ng5 16. Be2 Bf5 17. Qd1 e4 18. Nxg5 Qxg5 19. Bg4 Bxg4 20. Qxg4 Qxg4 21.
hxg4 f3 22. Rxe4 Nf6 23. Rf4 fxg2 24. Kxg2 Rae8 25. Re1 Re5 26. Rxe5 dxe5 27.
Rf5 Nxg4 28. Rxf8+ Bxf8 29. Ne4 Kg7 30. f3 Nf6 31. Bxh6+ Kxh6 32. Nxf6 Kg6 33.
Ne4 b6 34. b3 Kf5 35. Kg3 Bh6 36. d6 cxd6 37. Nxd6+ Ke6 38. Nb5 a5 39. Nc3 Be3
40. Kg4 Kd6 41. Nd5 Kc5 42. Nxe3 Kb4 43. Nd5+ Ka3 44. Nxb6 Kxa2 45. c5 1-0

[Event "Championnat vétéran des B d RH 2019 (-22"]
[Site "AUBAGNE "]
[Date "2019.05.02"]
[Round "4.13"]
[White "Souesme, Gerard"]
[Black "Catanese, Sauveur"]
[Result "1-0"]
[WhiteElo "1361"]
[BlackElo "1026"]
[PlyCount "61"]
[EventDate "2019.??.??"]
[WhiteTeam "Echiquier Brignolais"]
[BlackTeam "Cercle d'Echecs Aubagnais"]

1. e4 d6 2. d4 g6 3. Be3 Bg7 4. c3 Nf6 5. Bd3 O-O 6. Nf3 b6 7. h3 Bb7 8. Nbd2
a5 9. O-O e6 10. Bg5 h6 11. Bh4 Qe8 12. Re1 b5 13. Qe2 c6 14. Bg3 Nh5 15. Bxd6
Nd7 16. Qe3 c5 17. e5 cxd4 18. cxd4 Bxf3 19. Nxf3 f6 20. Bxb5 Rf7 21. g4 Rb8
22. Bxb8 Qxb8 23. a4 fxe5 24. gxh5 g5 25. Bxd7 Rxd7 26. Nxe5 Rd5 27. Nc6 Qxb2
28. Qxe6+ Kh7 29. Qxd5 Qd2 30. Qf5+ Kh8 31. Re8+ 1-0

[Event "Championnat vétéran des B d RH 2019 (-22"]
[Site "AUBAGNE "]
[Date "2019.05.02"]
[Round "4.14"]
[White "Gourdeau, Marie-Christine"]
[Black "Cescon, Moreno"]
[Result "0-1"]
[WhiteElo "1342"]
[BlackElo "1739"]
[PlyCount "132"]
[EventDate "2019.??.??"]
[WhiteTeam "L'Echiquier du Roy René"]
[BlackTeam "Cercle d'Echecs Aubagnais"]

1. e4 e5 2. Nf3 d6 3. d4 exd4 4. Nxd4 Nf6 5. Nc3 Be7 6. Be2 a6 7. O-O b5 8. Bd3
c5 9. Nf3 Nc6 10. a3 O-O 11. Bf4 h6 12. h3 b4 13. Nd5 Be6 14. Nxe7+ Qxe7 15.
axb4 Nxb4 16. Re1 Rfd8 17. Bf1 Qb7 18. c3 Nc6 19. Qc2 a5 20. Red1 d5 21. e5 Nh5
22. Be3 d4 23. cxd4 Bb3 24. Qc3 Bxd1 25. Rxd1 cxd4 26. Nxd4 Nxd4 27. Rxd4 Rxd4
28. Qxd4 g5 29. Be2 Ng7 30. Bf3 Qc8 31. Bxa8 Qxa8 32. Qa7 Qxa7 33. Bxa7 Kf8 34.
Bc5+ Ke8 35. b4 Ne6 36. Bd6 a4 37. b5 Nd8 38. g3 Kd7 39. f4 gxf4 40. gxf4 Nb7
41. Bb4 Ke6 42. Kf2 Kd5 43. Ke3 Kc4 44. Bf8 Kxb5 45. Bxh6 a3 46. Bg7 Nc5 47. f5
Kc6 48. h4 Kd5 49. h5 a2 50. e6 fxe6 51. h6 e5 52. h7 a1=Q 53. h8=Q Qd4+ 54.
Kf3 e4+ 55. Kg4 Qg1+ 56. Kh5 Qh2+ 57. Kg6 Qg3+ 58. Kf7 Qc7+ 59. Kg6 Qd6+ 60.
Kf7 Nb7 61. f6 Nd8+ 62. Kg6 Qg3+ 63. Kh7 Qh3+ 64. Kg8 Qxh8+ 65. Bxh8 Ke6 66.
Kg7 Nf7 0-1

[Event "Championnat vétéran des B d RH 2019 (-22"]
[Site "AUBAGNE "]
[Date "2019.05.02"]
[Round "4.15"]
[White "Hidreau, Olivier"]
[Black "Blanc, Michel"]
[Result "0-1"]
[WhiteElo "1303"]
[BlackElo "1523"]
[PlyCount "71"]
[EventDate "2019.??.??"]
[WhiteTeam "Club d'Echecs de Meyreuil"]
[BlackTeam "Cercle d'Echecs Aubagnais"]

1. e4 c6 2. Nf3 d5 3. Nc3 Nf6 4. e5 Ne4 5. Ne2 Qb6 6. d4 Bg4 7. Nfg1 Bxe2 8.
Nxe2 h6 9. f3 Ng5 10. Bxg5 hxg5 11. Rb1 e6 12. g3 c5 13. c3 Nc6 14. a3 cxd4 15.
cxd4 Be7 16. b4 Rc8 17. Bg2 O-O 18. O-O Rc7 19. Qd2 Rfc8 20. Rfd1 a6 21. Qb2
Na7 22. Qb3 Nb5 23. Bf1 Nc3 24. Nxc3 Rxc3 25. Qb2 Qc7 26. Rd2 b5 27. Be2 f6 28.
f4 gxf4 29. gxf4 fxe5 30. Bg4 Qb6 31. fxe5 Bg5 32. Rdd1 Be3+ 33. Kf1 Bxd4 34.
Bxe6+ Qxe6 35. Qd2 Qf5+ 36. Ke1 0-1

[Event "Championnat vétéran des B d RH 2019 (-22"]
[Site "AUBAGNE "]
[Date "2019.05.02"]
[Round "4.16"]
[White "Frontera, Pierre"]
[Black "Hunault, Francis"]
[Result "0-1"]
[WhiteElo "1259"]
[BlackElo "1452"]
[PlyCount "67"]
[EventDate "2019.??.??"]
[WhiteTeam "Cercle d'Echecs Aubagnais"]
[BlackTeam "Cercle d'Echecs Aubagnais"]

1. e4 e5 2. Nf3 d6 3. Bc4 Be7 4. d3 Bg4 5. h3 Bh5 6. Nc3 c6 7. Bd2 a5 8. a4 Nd7
9. Be3 Ngf6 10. g4 Bg6 11. Nh4 Nf8 12. Qe2 Nxe4 13. Nxg6 Nxc3 14. bxc3 Nxg6 15.
Qf3 d5 16. Bb3 O-O 17. d4 Bd6 18. Qd1 Nf4 19. Kf1 e4 20. f3 Qf6 21. Bf2 Rae8
22. Bg3 e3 23. Qe1 Ng6 24. Kg2 Bxg3 25. Qxg3 Nh4+ 26. Kf1 Nxf3 27. Ke2 Ng5 28.
Raf1 Qg6 29. Rf5 Ne4 30. Qe1 Qd6 31. Rf3 Nf2 32. Rf1 Qh2 33. Rxe3 Rxe3+ 34.
Kxe3 0-1

[Event "Championnat vétéran des B d RH 2019 (-22"]
[Site "AUBAGNE "]
[Date "2019.05.02"]
[Round "4.17"]
[White "Gaudfernau, Pierre"]
[Black "Lassalle, Marc"]
[Result "0-1"]
[WhiteElo "1241"]
[BlackElo "1434"]
[PlyCount "56"]
[EventDate "2019.??.??"]
[WhiteTeam "Echiquier Brignolais"]
[BlackTeam "L'Echiquier du Roy René"]

1. d4 d5 2. c4 c6 3. c5 e6 4. Nf3 Nf6 5. Nc3 b6 6. b4 bxc5 7. bxc5 Ne4 8. Qd3
Qa5 9. Bd2 Nxd2 10. Nxd2 Ba6 11. Qc2 Nd7 12. e3 Bxf1 13. Rxf1 e5 14. Nb3 Qc7
15. f4 exd4 16. exd4 Be7 17. Qe2 O-O 18. Kd2 Rae8 19. Qg4 f5 20. Qh5 Nf6 21.
Qxf5 Ne4+ 22. Nxe4 Rxf5 23. Nd6 Bxd6 24. cxd6 Qxd6 25. g3 g5 26. fxg5 Rxf1 27.
Rxf1 Qe7 28. Rf2 Qe3+ 0-1

[Event "Championnat vétéran des B d RH 2019 (-22"]
[Site "AUBAGNE "]
[Date "2019.05.02"]
[Round "4.18"]
[White "Biglia, Michel"]
[Black "Marku, Demeter"]
[Result "0-1"]
[WhiteElo "1237"]
[BlackElo "1426"]
[PlyCount "65"]
[EventDate "2019.??.??"]
[WhiteTeam "Cercle d'Echecs Aubagnais"]
[BlackTeam "La Farlède Toulon Echecs"]

1. e4 e5 2. Bc4 Bc5 3. Nf3 d6 4. d3 h6 5. O-O Nf6 6. h3 O-O 7. Nc3 Nc6 8. a3
Qe7 9. Qe2 a6 10. Be3 Nd4 11. Nxd4 exd4 12. Nd5 Nxd5 13. Bxd5 dxe3 14. fxe3 Qg5
15. Rf3 c6 16. Bc4 Be6 17. Bxe6 fxe6 18. Rxf8+ Rxf8 19. d4 Bb6 20. Rf1 Rxf1+
21. Kxf1 c5 22. c3 e5 23. Qc4+ Kh7 24. Qd3 cxd4 25. exd4 Qc1+ 26. Kf2 Qxb2+ 27.
Kg3 Qxa3 28. dxe5 dxe5 29. Kg4 Bd4 30. Qf3 Bxc3 31. Qf5+ Kg8 32. Qc8+ Qf8 33.
Qxc3 0-1

[Event "Championnat vétéran des B d RH 2019 (-22"]
[Site "AUBAGNE "]
[Date "2019.05.02"]
[Round "4.19"]
[White "Boudet, Nicole"]
[Black "Innocenti, Georges"]
[Result "0-1"]
[WhiteElo "1073"]
[BlackElo "1399"]
[PlyCount "190"]
[EventDate "2019.??.??"]
[WhiteTeam "Cercle d'Echecs Aubagnais"]
[BlackTeam "Cercle d'Echecs Aubagnais"]

1. e4 e5 2. Nf3 Nc6 3. d4 exd4 4. Nxd4 Nxd4 5. Qxd4 b6 6. Nc3 Qf6 7. Qd5 c6 8.
Qc4 b5 9. Qe2 Bb4 10. Bd2 Bxc3 11. Bxc3 Qg6 12. Qe3 Qh6 13. Qd4 f6 14. Be2 Ne7
15. Qd6 Rf8 16. Bb4 Rf7 17. a4 Ba6 18. axb5 Bxb5 19. Bxb5 cxb5 20. Rxa7 Rd8 21.
O-O Nc8 22. Bd2 Qg6 23. Qa3 Nxa7 24. Qxa7 d6 25. Qb6 Re7 26. Qxb5+ Kf7 27. Qc4+
Kf8 28. Ba5 Rxe4 29. Qc7 Rde8 30. Qxd6+ Kg8 31. f3 R4e5 32. Bc3 R5e6 33. Qd5
Qf7 34. f4 f5 35. h4 Rh6 36. Qxf7+ Kxf7 37. g3 Rg6 38. Rf3 h5 39. Be5 Ra8 40.
Kf2 Rc8 41. Rc3 Rxc3 42. bxc3 Ra6 43. Ke2 Kg6 44. Kd2 Ra7 45. Bd4 Rd7 46. Kc1
Kf7 47. Kb2 Rb7+ 48. Kc1 g6 49. Kd2 Ke6 50. Ke3 Kd5 51. Kd3 Rb1 52. c4+ Kc6 53.
c3 Rh1 54. c5 Rh3 55. Bf2 Rh1 56. Kd4 Rf1 57. Be3 Rf3 58. Bd2 Rxg3 59. Be1 Rg4
60. Ke5 Kxc5 61. Kf6 Rxf4 62. Kxg6 Rf1 63. Bd2 f4 64. Kxh5 f3 65. Be3+ Kc4 66.
Kg4 Kxc3 67. Kg3 Kd3 68. Bb6 Ke2 69. h5 Rh1 70. Kg4 f2 71. Bxf2 Kxf2 72. Kg5
Kf3 73. Kg6 Rg1+ 74. Kh7 Kg4 75. Kg6 Kh4+ 76. Kh6 Rg5 77. Kh7 Rxh5+ 78. Kg6 Kg4
79. Kf6 Rg5 80. Ke6 Rf5 81. Kd6 Kf4 82. Kc6 Ke4 83. Kd6 Re5 84. Kc6 Rd5 85. Kb6
Kd4 86. Kc6 Kc4 87. Kb6 Rc5 88. Ka6 Rb5 89. Ka7 Kc5 90. Ka6 Kc6 91. Ka7 Kc7 92.
Ka6 Kc6 93. Ka7 Ra5+ 94. Kb8 Ra4 95. Kc8 Ra8# 0-1

[Event "Championnat vétéran des B d RH 2019 (-22"]
[Site "AUBAGNE "]
[Date "2019.05.02"]
[Round "4.20"]
[White "Belaid, Myriam"]
[Black "Vicari-Vento, Salvatore"]
[Result "0-1"]
[WhiteElo "1040"]
[BlackElo "1347"]
[PlyCount "54"]
[EventDate "2019.??.??"]
[WhiteTeam "Club Provence Echecs"]
[BlackTeam "Cercle d'Echecs Aubagnais"]

1. e4 c5 2. Nf3 d6 3. Be2 Nc6 4. a3 a6 5. Nc3 Nf6 6. O-O e6 7. d3 Be7 8. Bg5
O-O 9. Qd2 b5 10. b4 Nd4 11. Nxd4 cxd4 12. Nb1 e5 13. Qd1 h6 14. Bxf6 Bxf6 15.
Nd2 Bb7 16. Re1 Rc8 17. Rc1 Bg5 18. Bg4 Rc7 19. Qf3 Bxd2 20. Rcd1 Bxe1 21. Rxe1
Rxc2 22. Qd1 Rc7 23. a4 Bc8 24. a5 Bxg4 25. Qxg4 Qc8 26. Qh3 Rc1 27. Qxc8 Rxe1#
0-1

[Event "Championnat vétéran des B d RH 2019 (-22"]
[Site "AUBAGNE "]
[Date "2019.05.02"]
[Round "4.21"]
[White "Bertrand, Frederic"]
[Black "Olive, Alain"]
[Result "1-0"]
[WhiteElo "1538"]
[BlackElo "1167"]
[PlyCount "65"]
[EventDate "2019.??.??"]
[WhiteTeam "Cercle d'Echecs Aubagnais"]
[BlackTeam "Echiquier Brignolais"]

1. e4 b6 2. Nf3 Bb7 3. Nc3 Nf6 4. d3 a6 5. Be2 h6 6. Bf4 d6 7. O-O Nbd7 8. e5
Nh5 9. Bg3 d5 10. e6 d4 11. exd7+ Qxd7 12. Ne5 Qf5 13. Bxh5 O-O-O 14. Bg4 Qxg4
15. Qxg4+ e6 16. Nxf7 dxc3 17. Nxd8 Kxd8 18. bxc3 Ba3 19. Qxg7 Bd6 20. Qxh8+
Kd7 21. Qg7+ Kc6 22. Bxd6 cxd6 23. Qxh6 e5 24. d4 exd4 25. cxd4 Kd5 26. c4+
Kxc4 27. Qxd6 b5 28. Qe7 Kxd4 29. Qxb7 Kc4 30. Rfc1+ Kb4 31. Rab1+ Ka5 32. Rc6
b4 33. Rxa6# 1-0

[Event "Championnat vétéran des B d RH 2019 (-22"]
[Site "AUBAGNE "]
[Date "2019.05.02"]
[Round "4.22"]
[White "Cocordano, Claire"]
[Black "Periale, Francine"]
[Result "1-0"]
[WhiteElo "1442"]
[BlackElo "1027"]
[PlyCount "57"]
[EventDate "2019.??.??"]
[WhiteTeam "Cercle d'Echecs Aubagnais"]
[BlackTeam "Cercle d'Echecs Aubagnais"]

1. e4 e5 2. Nf3 d6 3. d4 Nf6 4. Bg5 Be7 5. dxe5 dxe5 6. Qxd8+ Kxd8 7. Bd3 Nc6
8. Nc3 Nd4 9. Nxe5 Ke8 10. O-O Ne6 11. Bxf6 Bxf6 12. Nf3 c6 13. e5 Be7 14. Rad1
Bd7 15. Ne4 f6 16. Nd6+ Kd8 17. Nf7+ Kc7 18. Nxh8 Rxh8 19. exf6 Bxf6 20. c3 b5
21. Bf5 g6 22. Bxe6 Rd8 23. Bxd7 Rxd7 24. Rxd7+ Kxd7 25. Rd1+ Kc7 26. Nd4 Kb6
27. Kf1 c5 28. Nf3 a5 29. Rd6+ 1-0

[Event "Championnat vétéran des B d RH 2019 (-22"]
[Site "AUBAGNE "]
[Date "2019.05.02"]
[Round "4.23"]
[White "Masson, Wally"]
[Black "Lognos, Lina"]
[Result "1-0"]
[WhiteElo "1178"]
[BlackElo "1141"]
[PlyCount "125"]
[EventDate "2019.??.??"]
[WhiteTeam "Cercle d'Echecs Aubagnais"]
[BlackTeam "Cercle d'Echecs Aubagnais"]

1. e4 e5 2. Nf3 Nc6 3. Bc4 Bc5 4. O-O b6 5. c3 Nf6 6. Re1 Ng4 7. d4 exd4 8.
cxd4 Bb4 9. Bd2 O-O 10. Bd5 Bxd2 11. Nbxd2 Rb8 12. Rc1 {[%cal Gc6b4,Gb4d3,
Rd3e1,Rd3c1]} Bb7 13. Qb3 Na5 14. Qc3 c6 15. Bc4 Nxc4 16. Nxc4 Qc7 17. h3 Nf6
18. e5 Nd5 19. Qd2 Rfe8 20. Nd6 Re7 21. Ng5 f6 22. Nb5 Qd8 23. exf6 Nxf6 24.
Nd6 Rxe1+ 25. Rxe1 Qf8 26. Qc2 Qxd6 27. Qb3+ Qd5 28. Qg3 d6 29. Ne6 Nh5 30. Qg4
Bc8 31. b3 Bxe6 32. Rxe6 Rf8 33. Re7 Qf5 34. Qh4 Qb1+ 35. Kh2 Qc1 36. Qxh5 Qf4+
37. Kh1 Qxf2 38. Qd1 Qf1+ 39. Qxf1 Rxf1+ 40. Kh2 Rf7 41. Re6 a5 42. Rxd6 c5 43.
dxc5 bxc5 44. Rd5 Rc7 45. g4 Kf7 46. Kg3 Ke6 47. Rf5 h5 48. Rxh5 g6 49. Rh6 Kf6
50. h4 Kg7 51. g5 Rd7 52. h5 Rd3+ 53. Kf4 Rd4+ 54. Ke5 gxh5 55. Rxh5 {[%csl
Yd2]} Kg6 56. Rh8 Kg7 57. Ra8 Ra4 58. bxa4 c4 59. Rxa5 c3 60. Rc5 c2 61. Rxc2
Kg6 62. a5 Kxg5 63. a6 1-0